000 00661nam a2200217Ia 4500
003 GCL
008 140319s9999 xx 000 0 ara d
040 _aGCL /
_cGCL
082 0 4 _a210.8
_bم ن
100 1 _aمحمد سلام زناتى
245 1 0 _aنظم وعادات /
_cمحمد سلام زناتى
260 _a[S.N] :
_bلجنة الاعلام والدراسات المستقبلية ،
_c1993
300 _a278 ص
490 _a
650 0 4 _aالاسلام
650 0 4 _aالعادات والتقاليد
650 0 4 _aالمقالات العربية
650 0 4 _aحجاب المراة
650 0 4 _aالمجموعات
942 _2ddc
_cBK
999 _c31688
_d31688